Smallest Cities With a Team in Europe's Top 5 Leagues - Statistics

General Stats
  • This quiz has been taken 298 times
  • The average score is 8 of 25
Answer Stats
# Population League Answer % Correct
4 76,700 Bundesliga Heidenheim an der Brenz
47%
14 205,182 Ligue 1 Brest
44%
11 159,886 Premier League Burnley
40%
16 224,684 Bundesliga Mainz
39%
12 170,500 Serie A Udine
38%
21 258,200 Bundesliga Freiburg im Breisgau
37%
24 292,263 Ligue 1 Metz
35%
2 37,308 Ligue 1 Monaco
35%
7 122,700 Bundesliga Wolfsburg
35%
6 108,500 Serie A Lecce
34%
10 159,610 La Liga Girona - Salt
33%
15 214,300 Serie A Pisa - Cascina
33%
23 286,800 Serie A Cagliari - Quartu Sant'Elana
32%
13 174,300 Serie A Parma
32%
3 42,525 Ligue 1 Auxerre
31%
17 232,052 Ligue 1 Le Havre
31%
9 132,100 Serie A Sassuolo - Formigine
28%
25 319,253 La Liga Vigo
28%
19 250,031 Ligue 1 Angers
27%
22 261,776 La Liga Oviedo
26%
8 124,647 Ligue 1 Lorient
25%
18 241,300 La Liga Elche
23%
1 23,600 Bundesliga Sinsheim
21%
5 76,900 Serie A Cremona
17%
20 253,956 La Liga Vitoria-Gasteiz
5%
No matching quizzes found
Score Distribution
Percent of People with Each Score
Percentile by Number Answered
Your Score History
You have not taken this quiz